Gagnant par GP en F1 2024 - Statistiques

Statistiques générales
  • Ce quiz a été pris 249 fois
  • Le résultat moyen est 20 sur 21
Statistiques - réponses
GP Gagnant % Correct
Bahreïn Max Verstappen
99%
Arabie Saoudite Max Verstappen
99%
Japon Max Verstappen
99%
Chine Max Verstappen
99%
Imola Max Verstappen
99%
Canada Max Verstappen
99%
Espagne Max Verstappen
99%
Brésil Max Verstappen
99%
Monaco Charles Leclerc
98%
Monza Charles Leclerc
98%
Austin Charles Leclerc
98%
Mexique Charles Leclerc
98%
Silverstone Lewis Hamilton
95%
Belgique Lewis Hamilton
95%
Miami Lando Norris
94%
Pays Bas Lando Norris
94%
Singapour Lando Norris
94%
Australie Carlos Sainz
93%
Hongrie Oscar Piastri
90%
Azerbaijan Oscar Piastri
90%
Autriche George Russell
76%
Aucun quiz correspondant
Distribution des résultats
% des personnes avec chaque résultat
Percentile par nombre de réponses
Votre historique - résultats
Vous n’avez pas pris ce quiz